000 00263nam a2200121 a 4500
005 20141022142004.0
008 080922s19uu xx 00 eng d
050 _aVCD
_bE4 1988
245 _aElizabeth.
650 _aVCD.
650 _aElizabeth.
942 _cAVM
999 _c276442
_d276442